[Event "World Blitz Women 2022"]
[Site "Almaty KAZ"]
[Date "2022.12.29"]
[Round "5.15"]
[White "Zatonskih, Anna"]
[Black "Pourkashiyan, Atousa"]
[Result "0-1"]
[WhiteTitle "IM"]
[BlackTitle "WGM"]
[WhiteElo "2349"]
[BlackElo "2321"]
[WhiteFideId "14101572"]
[BlackFideId "12502014"]
[EventDate "2022.12.29"]

1. d4 Nf6 2. c4 e6 3. Nc3 Bb4 4. e3 O-O 5. Bd2 d5 6. Nf3 Nbd7 7. Rc1 c6 8. Bd3
Re8 9. O-O Bf8 10. e4 dxe4 11. Nxe4 Nxe4 12. Bxe4 Nf6 13. Bb1 b6 14. Qe2 Bb7 15.
Rfd1 h6 16. Bf4 Qe7 17. Be5 c5 18. dxc5 bxc5 19. Bd6 Qd7 20. Bxf8 Qc6 21. Bd6 e5
22. Bxe5 Ng4 23. Qd3 Nxe5 24. Qh7+ Kf8 25. Qh8+ Ke7 26. Qxg7 Nxf3+ 27. gxf3 Rg8
28. Re1+ Kd7 29. Bf5+ Kc7 30. Re7+ Kb6 0-1

[Event "World Blitz Women 2022"]
[Site "Almaty KAZ"]
[Date "2022.12.29"]
[Round "5.16"]
[White "Osmak, Yuliia"]
[Black "Tokhirjonova, Gulrukhbegim"]
[Result "1-0"]
[WhiteTitle "IM"]
[BlackTitle "WGM"]
[WhiteElo "2451"]
[BlackElo "2328"]
[WhiteFideId "14101602"]
[BlackFideId "14203626"]
[EventDate "2022.12.29"]

1. b4 d5 2. Bb2 Nf6 3. e3 a5 4. b5 c5 5. a4 Bf5 6. Nf3 e6 7. Be2 h6 8. O-O Bd6
9. c4 Nbd7 10. Nc3 O-O 11. d4 dxc4 12. Bxc4 Rc8 13. Qe2 Nb6 14. Bb3 Bg4 15. Rfd1
Qe7 16. h3 cxd4 17. exd4 Bh5 18. g4 Bg6 19. Ne5 Bh7 20. Re1 Bb4 21. Rac1 Nfd5
22. Nxd5 Nxd5 23. Rxc8 Rxc8 24. Rc1 Rxc1+ 25. Bxc1 Qc7 26. Qc4 Qxc4 27. Nxc4 Bd3
28. Ne5 Bb1 29. Nd7 Bc3 30. Be3 Nxe3 31. fxe3 Bb4 32. Nc5 Bxc5 33. dxc5 Be4 34.
Bc4 Kf8 35. c6 Ke8 36. c7 Kd7 37. b6 Bc6 38. Bb3 Kc8 39. Kf2 Kd7 40. h4 Kc8 41.
Kg3 g5 42. hxg5 hxg5 43. Kf2 Kd7 44. Ke2 Kc8 45. Bd1 Kd7 46. Kd3 Kc8 47. Kd4 f6
48. Kc5 Kd7 49. Bb3 Bd5 50. Bxd5 exd5 51. Kxd5 Kc8 52. Ke6 f5 53. Kxf5 Kd7 54.
Kxg5 1-0

[Event "World Blitz Women 2022"]
[Site "Almaty KAZ"]
[Date "2022.12.29"]
[Round "5.17"]
[White "Injac, Teodora"]
[Black "Bayasgalan, Khishigbaatar"]
[Result "1-0"]
[WhiteTitle "WGM"]
[BlackTitle "WCM"]
[WhiteElo "2365"]
[BlackElo "1811"]
[WhiteFideId "932400"]
[BlackFideId "4904311"]
[EventDate "2022.12.29"]

1. Nf3 d5 2. g3 e6 3. Bg2 Nf6 4. O-O Be7 5. d4 O-O 6. c4 dxc4 7. Qc2 a6 8. a4
Bd7 9. Qxc4 Bc6 10. Bg5 Bd5 11. Qc2 Be4 12. Qc1 Nc6 13. e3 Nb4 14. Nc3 Bc6 15.
a5 Ne4 16. Bxe7 Qxe7 17. Ne5 Nxc3 18. bxc3 Bxg2 19. Kxg2 Nc6 20. Nd3 Rfd8 21.
Qa3 Qxa3 22. Rxa3 b6 23. axb6 cxb6 24. Rfa1 a5 25. Rb1 Rdb8 26. c4 Kf8 27. Rb5
Na7 28. Rb2 Nc6 29. Rab3 a4 30. Rxb6 Rxb6 31. Rxb6 a3 32. Nc1 Na5 33. c5 Nc4 34.
Rb4 Nxe3+ 35. fxe3 a2 36. Nxa2 Rxa2+ 37. Kf3 Ke7 38. h4 Ra1 39. Rb7+ Kd8 40. Ke4
Rf1 41. Ke5 Rf5+ 42. Kd6 Rd5+ 43. Kc6 Rf5 44. e4 Rf6 45. Kd6 Kc8 46. Ra7 e5+ 47.
Kxe5 Rg6 48. Rxf7 Rxg3 49. d5 Rg6 50. d6 1-0

[Event "World Blitz Women 2022"]
[Site "Almaty KAZ"]
[Date "2022.12.29"]
[Round "5.18"]
[White "Beydullayeva, Govhar"]
[Black "Atalik, Ekaterina"]
[Result "0-1"]
[WhiteTitle "WGM"]
[BlackTitle "IM"]
[WhiteElo "2387"]
[BlackElo "2403"]
[WhiteFideId "13413015"]
[BlackFideId "4130189"]
[EventDate "2022.12.29"]

1. d4 d5 2. c4 e6 3. Nf3 Nf6 4. Nc3 Nbd7 5. Bf4 dxc4 6. e3 Nb6 7. Bxc4 Nxc4 8.
Qa4+ c6 9. Qxc4 Be7 10. O-O O-O 11. e4 Bd7 12. Rfd1 Rc8 13. Qe2 Qb6 14. Ne5 Rfd8
15. Rac1 Be8 16. Be3 Qa5 17. f4 Bb4 18. Qf3 Bxc3 19. bxc3 Qxa2 20. c4 a6 21. c5
Qa5 22. Nc4 Qc7 23. Nd6 Rb8 24. f5 exf5 25. Qxf5 Qd7 26. Qf1 Qe6 27. Bg5 Rxd6
28. cxd6 Nxe4 29. Re1 f5 30. Bf4 Qd7 31. Be5 Bf7 32. Qf4 Bd5 33. Rf1 Rf8 34. h4
Rf7 35. h5 h6 36. Rb1 a5 37. Ra1 Qd8 38. Rfe1 b5 39. Re3 a4 40. Kh2 Kh7 41. Rf1
b4 42. g3 a3 43. Qf3 a2 44. Qd1 Qg5 45. Bf4 Qd8 46. g4 Qh4+ 47. Kg1 fxg4 48. Qc2
b3 49. Qd3 g3 50. Bxg3 Rxf1+ 51. Kxf1 Qh1+ 52. Ke2 a1=Q 0-1

[Event "World Blitz Women 2022"]
[Site "Almaty KAZ"]
[Date "2022.12.29"]
[Round "5.19"]
[White "Frayna, Janelle Mae"]
[Black "Munkhzul, Turmunkh"]
[Result "0-1"]
[WhiteTitle "WGM"]
[BlackTitle "WIM"]
[WhiteElo "2265"]
[BlackElo "2318"]
[WhiteFideId "5212499"]
[BlackFideId "4901878"]
[EventDate "2022.12.29"]

1. e4 c5 2. Nf3 d6 3. Bb5+ Bd7 4. Bxd7+ Qxd7 5. c4 Nf6 6. Nc3 g6 7. d4 cxd4 8.
Nxd4 Bg7 9. O-O O-O 10. h3 Nc6 11. Be3 a6 12. Qe2 Rac8 13. Rfd1 Qc7 14. b3 h5
15. Rac1 Qa5 16. Qd2 Kh7 17. f3 Nd7 18. Nxc6 bxc6 19. Na4 Qxd2 20. Rxd2 c5 21.
g4 hxg4 22. hxg4 f5 23. gxf5 gxf5 24. Rcc2 Ne5 25. Rh2+ Kg8 26. Kg2 fxe4 27.
fxe4 Rf3 28. Bg1 Rcf8 29. Nb6 R3f4 30. Nd5 Rg4+ 31. Kh1 Rf1 32. Rcg2 Kf7 33.
Rf2+ Rxf2 34. Rxf2+ Ke8 35. Re2 Nf3 36. Be3 Be5 37. Rf2 Nh4 38. Re2 Kd7 39. Bg1
Nf3 40. Be3 Rxe4 41. Kg2 Nd4 42. Rf2 Rg4+ 43. Kf1 e6 44. Nf4 Nf5 45. Bd2 Ng3+
46. Ke1 Ne4 47. Nd3 Nxf2 48. Nxf2 Bg3 49. Kf1 Rh4 50. Kg2 Bxf2 51. Kxf2 Rh2+ 52.
Ke3 Kc6 53. a4 Rh3+ 54. Ke2 Rxb3 55. a5 Ra3 56. Kd1 Ra4 57. Ke2 Rxc4 58. Kd3 Ra4
59. Bc3 d5 60. Be1 Ra3+ 61. Kc2 Kb5 62. Kb2 Rxa5 0-1

[Event "World Blitz Women 2022"]
[Site "Almaty KAZ"]
[Date "2022.12.29"]
[Round "5.20"]
[White "Garifullina, Leya"]
[Black "Koneru, Humpy"]
[Result "1-0"]
[WhiteTitle "IM"]
[BlackTitle "GM"]
[WhiteElo "2357"]
[BlackElo "2572"]
[WhiteFideId "34127035"]
[BlackFideId "5008123"]
[EventDate "2022.12.29"]

1. e4 e5 2. Nf3 Nf6 3. d4 Nxe4 4. Bd3 d5 5. Nxe5 Nd7 6. Nxd7 Bxd7 7. O-O Bd6 8.
Nc3 Nxc3 9. bxc3 O-O 10. Qh5 f5 11. Re1 c6 12. Bg5 Qc7 13. Re3 Be8 14. Qh4 Bg6
15. Rae1 h6 16. Be7 Rfe8 17. Bxd6 Qxd6 18. Rxe8+ Rxe8 19. Rxe8+ Bxe8 20. Bxf5
Qa3 21. g4 Qxc3 22. Qe7 1-0

[Event "World Blitz Women 2022"]
[Site "Almaty KAZ"]
[Date "2022.12.29"]
[Round "5.21"]
[White "Kovanova, Baira"]
[Black "Khademalsharieh, Sarasadat"]
[Result "1/2-1/2"]
[WhiteTitle "WGM"]
[BlackTitle "IM"]
[WhiteElo "2317"]
[BlackElo "2490"]
[WhiteFideId "4164083"]
[BlackFideId "12512214"]
[EventDate "2022.12.29"]

1. e4 e5 2. Nf3 Nc6 3. Bb5 a6 4. Ba4 Nf6 5. Nc3 d6 6. Bxc6+ bxc6 7. d4 exd4 8.
Nxd4 c5 9. Nf3 Bb7 10. O-O Be7 11. Re1 O-O 12. Nd5 Nxd5 13. exd5 Bf6 14. c4 c6
15. dxc6 Bxc6 16. Rb1 d5 17. cxd5 Qxd5 18. Qxd5 Bxd5 19. b3 c4 20. bxc4 Bxc4 21.
a3 h6 22. Bf4 a5 23. Ne5 Be6 24. h3 a4 25. Nc6 Rfc8 26. Nb4 Bc3 27. Rec1 Bf5 28.
Nc2 Bf6 29. Ne3 Bxb1 30. Rxb1 Be7 31. Nd5 Bxa3 32. Nb6 Be7 33. Nxc8 Rxc8 34. Rb7
Kf8 35. Ra7 a3 36. Be5 f6 37. Bd4 Rc1+ 38. Kh2 Rc2 39. Ra8+ Kf7 40. Ra7 Ke6 41.
Kg3 g5 42. Kf3 h5 43. Ke3 Bd6 44. Ra6 Kd5 45. Ra5+ Ke6 46. Ra6 f5 47. Kd3 Rc8
48. g3 h4 49. gxh4 gxh4 50. Be3 Kd5 51. Ra5+ Ke6 52. Ra6 Kd7 53. Bd4 Rb8 54. Kc4
Rb1 55. Kd5 Rb5+ 56. Kc4 Rb7 57. Kd5 Be7 58. Ke5 Rb5+ 59. Kf4 Rb4 60. Ke5 Rb3
61. Ra7+ Kd8 62. Ke6 Bg5 63. Be5 Rb6+ 64. Bd6 Kc8 65. Ra8+ Kb7 66. Rxa3 Bf4 67.
Rd3 Bxd6 68. Rxd6 Rb3 69. Kxf5 Rxh3 70. Rh6 Rf3+ 71. Kg4 Rxf2 72. Rxh4 1/2-1/2

[Event "World Blitz Women 2022"]
[Site "Almaty KAZ"]
[Date "2022.12.29"]
[Round "5.22"]
[White "Ushenina, Anna"]
[Black "Lhotska, Anna"]
[Result "0-1"]
[WhiteTitle "GM"]
[BlackTitle "WFM"]
[WhiteElo "2454"]
[BlackElo "2159"]
[WhiteFideId "14110911"]
[BlackFideId "376183"]
[EventDate "2022.12.29"]

1. d4 Nf6 2. Nf3 e6 3. e3 c5 4. Bd3 d5 5. b3 Nc6 6. O-O Bd6 7. Bb2 O-O 8. a3 b6
9. Nbd2 Bb7 10. Ne5 Nd7 11. f4 f6 12. Qh5 f5 13. Qh3 Rc8 14. g4 Bxe5 15. fxe5
Qg5 16. Rf4 g6 17. Nf3 Qe7 18. gxf5 exf5 19. Kh1 Rf7 20. Rg1 Kh8 21. Rxg6 Nf8
22. Rg2 Rc7 23. Ng5 Rg7 24. Qh5 Bc8 25. Rh4 Ng6 26. Rh3 cxd4 27. exd4 Nd8 28.
Rf3 Be6 29. Nxe6 Nxe6 30. Bxf5 Nef4 31. Qg4 0-1

[Event "World Blitz Women 2022"]
[Site "Almaty KAZ"]
[Date "2022.12.29"]
[Round "5.23"]
[White "Ovod, Evgenija"]
[Black "Khotenashvili, Bela"]
[Result "1-0"]
[WhiteTitle "IM"]
[BlackTitle "GM"]
[WhiteElo "2323"]
[BlackElo "2485"]
[WhiteFideId "4131827"]
[BlackFideId "13602640"]
[EventDate "2022.12.29"]

1. e4 c6 2. d4 d5 3. exd5 cxd5 4. Bd3 Nc6 5. c3 g6 6. h3 Bg7 7. Nf3 f6 8. O-O e5
9. dxe5 fxe5 10. Bg5 Nge7 11. Bb5 a6 12. Ba4 Be6 13. Re1 Qd6 14. Bxe7 Kxe7 15.
Nbd2 e4 16. Ng5 Ne5 17. Nxe6 Qxe6 18. Bb3 Nd3 19. Rxe4 Be5 20. Qe2 Rhf8 21. Nf3
Rf5 22. Nd4 dxe4 23. Bxe6 Bxd4 24. Bxf5 Bxf2+ 25. Kh1 gxf5 26. g4 Kf6 27. gxf5
Ke5 28. Rd1 Rd8 29. Qh5 e3 30. f6+ Kxf6 31. Qh6+ Kf7 32. Qxh7+ Kf6 33. Rxd3 e2
34. Qh6+ Kf7 35. Qh5+ Kf6 36. Qxe2 1-0

[Event "World Blitz Women 2022"]
[Site "Almaty KAZ"]
[Date "2022.12.29"]
[Round "5.24"]
[White "Girya, Olga"]
[Black "Lu, Miaoyi"]
[Result "0-1"]
[WhiteTitle "GM"]
[WhiteElo "2398"]
[BlackElo "2399"]
[WhiteFideId "4195752"]
[BlackFideId "8618020"]
[EventDate "2022.12.29"]

1. d4 d5 2. c4 e6 3. Nc3 c5 4. cxd5 cxd4 5. Qxd4 Nc6 6. Qd1 exd5 7. Qxd5 Bd6 8.
Nf3 Nf6 9. Qd1 O-O 10. Bg5 h6 11. Bh4 Re8 12. e3 Bg4 13. Be2 g5 14. Bg3 Bxg3 15.
hxg3 Qb6 16. Qb3 Qxb3 17. axb3 Kg7 18. O-O Be6 19. Bc4 a6 20. Rfd1 Rad8 21. Bxe6
Rxe6 22. Rxd8 Nxd8 23. Nd4 Re5 24. Rc1 Ne6 25. Nce2 Nc5 26. Nc3 b5 27. Rc2 b4
28. Na4 Nce4 29. Nb6 a5 30. Nc4 Rc5 31. g4 a4 32. bxa4 b3 33. Rc1 Nd6 34. Nf5+
Nxf5 35. gxf5 Ne4 36. a5 Nd2 37. a6 Rxc4 38. Rd1 Ne4 39. Ra1 Rc8 40. Ra3 Nc5 41.
Ra5 Ne4 42. Rb5 Nd6 43. Rxb3 Nxf5 44. a7 Ra8 45. Rb7 Nd6 46. Rb6 Nc4 47. Rb4 Ne5
48. Rb7 Nc6 49. b4 Rxa7 50. Rb6 Ne5 51. b5 Ng4 52. g3 Ra2 53. Rc6 Rb2 54. Rc5
Nxf2 0-1

[Event "World Blitz Women 2022"]
[Site "Almaty KAZ"]
[Date "2022.12.29"]
[Round "5.25"]
[White "Bivol, Alina"]
[Black "Schulze, Lara"]
[Result "1-0"]
[WhiteTitle "IM"]
[BlackTitle "FM"]
[WhiteElo "2364"]
[BlackElo "2284"]
[WhiteFideId "4100123"]
[BlackFideId "12956830"]
[EventDate "2022.12.29"]

1. e4 c5 2. Nf3 Nc6 3. Nc3 d6 4. d4 cxd4 5. Nxd4 Nf6 6. Bg5 e6 7. Bb5 Bd7 8.
Bxc6 bxc6 9. Qf3 Rc8 10. O-O-O h6 11. Bh4 Be7 12. g4 Qb6 13. Nb3 e5 14. Bxf6
gxf6 15. h3 Be6 16. Rd2 a5 17. Rhd1 Qb4 18. a3 Qb6 19. Rxd6 Bxd6 20. Rxd6 Ke7
21. Nd5+ Bxd5 22. Qxf6+ Ke8 23. Qxh8+ Ke7 24. Qf6+ Ke8 25. exd5 Qa6 26. Qxe5+
Kf8 27. Nd2 Re8 28. Qh8+ Ke7 29. Qf6+ Kf8 30. Rd8 Qe2 31. Qh8+ Ke7 32. Qxe8+ 1-0

[Event "World Blitz Women 2022"]
[Site "Almaty KAZ"]
[Date "2022.12.29"]
[Round "5.26"]
[White "Balabayeva, Xeniya"]
[Black "Padmini, Rout"]
[Result "1-0"]
[WhiteTitle "WIM"]
[BlackTitle "IM"]
[WhiteElo "2183"]
[BlackElo "2389"]
[WhiteFideId "13719688"]
[BlackFideId "5029295"]
[EventDate "2022.12.29"]

1. e4 c5 2. Nf3 e6 3. g3 Nc6 4. Bg2 Nf6 5. Qe2 d6 6. O-O Be7 7. c3 e5 8. d3 O-O
9. a4 Ne8 10. Na3 f5 11. exf5 Bxf5 12. Nc4 Nc7 13. a5 Qd7 14. Ne3 Bh3 15. Bd2
Rf7 16. Ne1 Raf8 17. Bxh3 Qxh3 18. Qg4 Qxg4 19. Nxg4 h5 20. Ne3 h4 21. Kg2 a6
22. N3c2 d5 23. Ne3 Kh7 24. N1c2 Kg6 25. Rae1 h3+ 26. Kg1 Bg5 27. Re2 c4 28.
dxc4 d4 29. Ng4 d3 30. Rxe5 Bxd2 31. Nd4 Nxd4 32. cxd4 Bb4 33. f4 d2 34. Rd1 Re7
35. Kf2 Rxe5 36. Nxe5+ Kf5 37. Ke3 g5 38. g4+ Ke6 39. f5+ Kd6 40. Ke4 Ne8 41.
c5+ Kc7 42. Nd3 Nf6+ 43. Kf3 Nd5 44. Nxb4 Nxb4 45. Rxd2 Re8 46. d5 Re5 47. d6+
Kd7 48. Rd4 Nc6 49. Rc4 Nxa5 50. Rc3 Nc6 51. Kg3 Nd4 52. Kxh3 Re2 53. b4 Nc6 54.
Rf3 Ne5 55. Rc3 Kc6 56. Kg3 Nd7 57. h4 Nf6 58. Rb3 gxh4+ 59. Kxh4 Ne4 60. Rh3
Rg2 61. Rh1 Kd7 62. Kh3 Rg3+ 63. Kh4 Rg2 64. Kh3 Rb2 65. Rg1 Rxb4 66. g5 Rb3+
67. Kh4 Rf3 68. Kg4 Rf2 69. g6 Nf6+ 70. Kg5 Ne4+ 71. Kg4 Nf6+ 72. Kg5 Ne4+ 73.
Kg4 Nf6+ 74. Kg5 Ne4+ 75. Kh6 Rxf5 76. Re1 Nf6 77. Re7+ Kd8 78. Rf7 Ng4+ 79. Kg7
Rxc5 80. Rxb7 a5 81. Kf7 Rf5+ 82. Kg8 Rg5 83. g7 Ne5 84. Kh7 Rh5+ 85. Kg8 Nd7
86. Kf7 Rg5 87. g8=Q+ Rxg8 88. Kxg8 Nc5 89. Ra7 a4 90. Kf7 a3 91. Kf6 a2 92.
Rxa2 Kd7 93. Ke5 Kc6 94. Rc2 1-0

[Event "World Blitz Women 2022"]
[Site "Almaty KAZ"]
[Date "2022.12.29"]
[Round "5.27"]
[White "Gaponenko, Inna"]
[Black "Nurmanova, Alua"]
[Result "1-0"]
[WhiteTitle "IM"]
[BlackTitle "WIM"]
[WhiteElo "2341"]
[BlackElo "2191"]
[WhiteFideId "14101181"]
[BlackFideId "13729390"]
[EventDate "2022.12.29"]

1. e4 c5 2. Ne2 d6 3. g3 Nf6 4. Bg2 Nc6 5. c3 Bg4 6. f3 Bd7 7. d4 cxd4 8. cxd4
e6 9. Nbc3 Be7 10. O-O O-O 11. Be3 a6 12. Qd2 b5 13. Nd1 Rc8 14. Nf2 Qa5 15.
Rfc1 b4 16. b3 Qb5 17. Rc2 a5 18. Rac1 a4 19. Nd3 axb3 20. axb3 Rb8 21. d5 Na5
22. Nd4 Qa6 23. Nxb4 Qb7 24. Nbc6 Bxc6 25. dxc6 Qc7 26. b4 e5 27. bxa5 exd4 28.
Bxd4 d5 29. e5 Bb4 30. Qe3 Rfe8 31. Bb6 Qc8 32. Qd4 Ba3 33. exf6 Bxc1 34. Rxc1
Re6 35. c7 Ra8 36. fxg7 Qe8 37. Bf1 Qc8 38. Bh3 1-0

[Event "World Blitz Women 2022"]
[Site "Almaty KAZ"]
[Date "2022.12.29"]
[Round "5.28"]
[White "Voit, Daria"]
[Black "Nurgali, Nazerke"]
[Result "0-1"]
[WhiteTitle "WGM"]
[BlackTitle "WIM"]
[WhiteElo "2347"]
[BlackElo "2168"]
[WhiteFideId "4182146"]
[BlackFideId "13711261"]
[EventDate "2022.12.29"]

1. d4 d5 2. c4 e6 3. Nf3 Nf6 4. g3 dxc4 5. Bg2 Nc6 6. Qa4 Bb4+ 7. Bd2 Nd5 8.
Bxb4 Nxb4 9. O-O Rb8 10. Na3 a6 11. Ne5 O-O 12. Nxc6 Nxc6 13. Bxc6 bxc6 14. e3
Rxb2 15. Nxc4 Rb5 16. Rfc1 c5 17. dxc5 Rxc5 18. Na5 Qd5 19. Rxc5 Qxc5 20. Rd1 e5
21. Nb3 Qe7 22. h4 Qf6 23. Nc5 Qf3 24. Nd7 Bb7 25. Kf1 Rc8 26. Nxe5 Qf5 27. Qd4
h6 28. Ke2 a5 29. g4 Ba6+ 30. Ke1 Qf6 31. Rc1 Qxh4 32. Qd7 Rf8 33. Rxc7 Qh1+ 34.
Kd2 Qf1 35. Nd3 Bxd3 36. Qxd3 Qxf2+ 37. Kc3 Qe1+ 38. Kb2 Qb4+ 39. Qb3 Qd2+ 40.
Rc2 Qd7 41. Rc4 Qd6 42. Rd4 Qh2+ 43. Ka3 Qg3 44. Qd3 Qc7 45. Rd5 Qe7+ 46. Kb2
Rb8+ 47. Kc2 Qc7+ 48. Kd1 Qb7 49. Ke2 Qb2+ 50. Kf3 Qxa2 51. g5 hxg5 52. Rxg5 Qe6
53. Qd4 Qc6+ 54. Kg3 g6 55. Rg4 Qc7+ 56. Kf3 Qc6+ 57. Kg3 a4 58. Rh4 f6 59. Rg4
Kg7 60. Re4 Rf8 61. Qxa4 Qxa4 62. Rxa4 Rf7 63. Kf4 Rb7 64. Rc4 g5+ 65. Kf5 Rb5+
66. Kg4 Kg6 67. e4 Rb1 68. Ra4 Rf1 69. Ra8 Rf4+ 70. Kg3 Rxe4 71. Kf3 Rb4 72. Kg3
Rb6 73. Ra5 f5 74. Rc5 Rb3+ 75. Kf2 g4 76. Kg2 Kg5 77. Kf2 g3+ 78. Kg2 Kg4 79.
Rc8 Rb2+ 80. Kg1 f4 81. Rc3 f3 0-1

[Event "World Blitz Women 2022"]
[Site "Almaty KAZ"]
[Date "2022.12.29"]
[Round "5.29"]
[White "Tereladze, Sopio"]
[Black "Muminova, Nafisa"]
[Result "0-1"]
[WhiteTitle "WIM"]
[BlackTitle "WGM"]
[WhiteElo "2215"]
[BlackElo "2274"]
[WhiteFideId "13600486"]
[BlackFideId "14201526"]
[EventDate "2022.12.29"]

1. e4 e6 2. d3 d5 3. Nd2 Nf6 4. Ngf3 Nc6 5. g3 dxe4 6. dxe4 e5 7. h3 Bc5 8. Bg2
O-O 9. O-O b6 10. Nb3 Be7 11. Qe2 a5 12. Rd1 Qe8 13. c4 Nd7 14. Nbd2 Nc5 15. b3
Ne6 16. Bb2 f6 17. Nf1 Bc5 18. Ne3 Ncd4 19. Nxd4 Bxd4 20. Nd5 Qd8 21. Bxd4 Nxd4
22. Qd3 c6 23. Ne3 Qe7 24. Rd2 Rd8 25. Qc3 Be6 26. Rad1 a4 27. b4 a3 28. f4 Ra4
29. Nc2 c5 30. Kh2 cxb4 31. Qe3 Bxc4 32. Nxd4 exd4 33. Rxd4 Rxd4 34. Qxd4 Bxa2
35. e5 fxe5 36. fxe5 Ra5 37. Qxb6 Rxe5 38. Rd8+ Kf7 39. Qf2+ Kg6 40. Rd4 Bb1 41.
h4 h5 42. Rf4 a2 43. Bh3 0-1

[Event "World Blitz Women 2022"]
[Site "Almaty KAZ"]
[Date "2022.12.29"]
[Round "5.30"]
[White "Machlik, Monika"]
[Black "Gvetadze, Sofio"]
[Result "0-1"]
[BlackTitle "IM"]
[WhiteElo "2114"]
[BlackElo "2298"]
[WhiteFideId "1513621"]
[BlackFideId "13601440"]
[EventDate "2022.12.29"]

1. d4 Nf6 2. c4 g6 3. Nc3 c5 4. d5 Bg7 5. e4 d6 6. f4 O-O 7. Nf3 Bg4 8. h3 Bxf3
9. Qxf3 Na6 10. Bd3 e6 11. dxe6 fxe6 12. O-O Nb4 13. Bb1 Nc6 14. Be3 Nd4 15. Qd1
Qb6 16. Rf2 Rae8 17. Bd3 Qc6 18. Qd2 a6 19. Re1 Nd7 20. a4 Rf7 21. Ref1 Qc7 22.
Ne2 Nc6 23. Nc3 Qd8 24. Be2 Qh4 25. Qxd6 Nd4 26. Bg4 Bf8 27. Qc7 Nf6 28. Qb6
Nxg4 29. hxg4 Qxg4 30. Bxd4 cxd4 31. Qxd4 Qh5 32. Qd1 Qxd1 33. Rxd1 Bc5 34. g3
g5 35. Kg2 Bxf2 36. Kxf2 gxf4 37. g4 Ree7 38. Kf3 Rd7 0-1

[Event "World Blitz Women 2022"]
[Site "Almaty KAZ"]
[Date "2022.12.29"]
[Round "5.31"]
[White "Assylkhan, Asiya"]
[Black "Eric, Jovana"]
[Result "0-1"]
[BlackTitle "WGM"]
[WhiteElo "1430"]
[BlackElo "2236"]
[WhiteFideId "13752707"]
[BlackFideId "938238"]
[EventDate "2022.12.29"]

1. d4 Nf6 2. c4 e6 3. g3 Bb4+ 4. Bd2 Qe7 5. Bg2 O-O 6. Nf3 Bxd2+ 7. Nbxd2 d6 8.
O-O e5 9. e4 a5 10. Re1 Nc6 11. d5 Nb8 12. a3 Nbd7 13. b4 Re8 14. Qc2 Nf8 15. c5
Ng6 16. Rec1 h5 17. cxd6 cxd6 18. Qc7 axb4 19. Qxe7 Rxe7 20. axb4 Rxa1 21. Rxa1
Rc7 22. Ra8 Rc1+ 23. Bf1 Nf8 24. Kg2 Bg4 25. h3 Bd7 26. Ra7 Rc7 27. Bd3 Bc8 28.
Nc4 Ne8 29. Nb6 Bd7 30. Nxd7 Nxd7 31. Nd2 Kf8 32. Be2 Ke7 33. Bxh5 Nef6 34. Bf3
Nb6 35. Nb3 Nc4 36. Na5 Nxa5 37. bxa5 Kd7 38. Be2 Nxe4 39. Bb5+ Kd8 40. Ra8+ Ke7
41. Re8+ Kf6 42. Bd3 Nc5 43. Be2 Nb3 44. a6 bxa6 45. Bxa6 Rc5 46. Bb7 Na5 47.
Ba8 Nc4 48. Rd8 Ra5 49. Bc6 Ke7 50. Rb8 f5 51. Rb7+ Kf6 52. g4 f4 53. Kf3 Nd2+
54. Kg2 e4 55. Rd7 f3+ 56. Kg3 Ke5 57. Rxg7 Nf1+ 58. Kh4 e3 59. Re7+ Kd4 60.
fxe3+ Nxe3 61. Kg3 Ra3 62. Rf7 Nf1+ 63. Kf2 Nd2 64. g5 Ne4+ 65. Kf1 Ra1# 0-1

[Event "World Blitz Women 2022"]
[Site "Almaty KAZ"]
[Date "2022.12.29"]
[Round "5.32"]
[White "Maltsevskaya, Aleksandra"]
[Black "Omonova, Umida"]
[Result "0-1"]
[WhiteTitle "IM"]
[BlackTitle "WFM"]
[WhiteElo "2400"]
[BlackElo "2052"]
[WhiteFideId "24174041"]
[BlackFideId "14210363"]
[EventDate "2022.12.29"]

1. e4 c5 2. Nf3 Nc6 3. d4 cxd4 4. Nxd4 g6 5. Nc3 Bg7 6. Be3 Nf6 7. Bc4 O-O 8.
Bb3 d6 9. f3 Bd7 10. Qd2 Nxd4 11. Bxd4 b5 12. h4 a5 13. a4 b4 14. Nd5 Nxd5 15.
Bxg7 Kxg7 16. Bxd5 Rc8 17. h5 Rh8 18. h6+ Kf8 19. Bb3 Be6 20. Rc1 Qb6 21. Ke2
Ke8 22. Qd3 Rc5 23. Bd5 Bxd5 24. exd5 Kd7 25. Rhe1 Qb7 26. Kf1 Qxd5 27. Qe2 e6
28. Rcd1 Qh5 29. Qa6 Qh1+ 30. Kf2 Qh4+ 31. Kg1 Qg3 32. Qb7+ Rc7 33. Qb5+ Ke7 34.
c3 bxc3 35. bxc3 Rhc8 36. Re3 Rxc3 37. Rxc3 Rxc3 38. Qb7+ Kf6 39. Qb2 Qe5 40. f4
Qc5+ 41. Kh1 Ke7 42. Qb7+ Qc7 43. Qb2 Rc5 44. Kg1 Qa7 45. Kf1 Rh5 46. Ke2 Qa6+
47. Kf2 Qa7+ 48. Ke2 Qa8 49. Kf2 Qa7+ 50. Ke2 Qc7 51. Rc1 Rc5 52. Rxc5 Qxc5 53.
Qb7+ Kf6 54. Qb2+ e5 55. Kf3 Qd5+ 56. Kg3 Qd3+ 57. Kh2 Qd4 58. Qb8 Qxf4+ 59. Kg1
Qe3+ 60. Kf1 Qd3+ 61. Kg1 Kf5 62. Qc8+ Kf4 63. Qc7 f6 64. Qxa5 Qe3+ 65. Kh1 Kg3 0-1

[Event "World Blitz Women 2022"]
[Site "Almaty KAZ"]
[Date "2022.12.29"]
[Round "5.33"]
[White "Mkrtchian, Lilit"]
[Black "Khamdamova, Afruza"]
[Result "1/2-1/2"]
[WhiteTitle "IM"]
[BlackTitle "WFM"]
[WhiteElo "2377"]
[BlackElo "2139"]
[WhiteFideId "13300601"]
[BlackFideId "14210444"]
[EventDate "2022.12.29"]

1. Nf3 Nf6 2. g3 b6 3. Bg2 Bb7 4. O-O g6 5. c4 Bg7 6. d4 O-O 7. Nc3 Ne4 8. Bd2
d6 9. Qc2 Nxd2 10. Qxd2 c5 11. Rac1 Nd7 12. Rfd1 Rc8 13. b3 a6 14. dxc5 bxc5 15.
Nd5 Nf6 16. Nxf6+ Bxf6 17. Ne1 Bxg2 18. Nxg2 Qd7 19. h4 Bg7 20. h5 Qg4 21. h6
Bd4 22. e3 Bf6 23. Nf4 Bg5 24. Nd5 Rfe8 25. Qa5 Bxh6 26. Qxa6 Bg5 27. Rd3 Ra8
28. Qb5 Reb8 29. Qc6 Rc8 30. Qb7 Rxa2 31. Rf1 Re8 32. Qc6 Rf8 33. Qb5 Raa8 34.
Rdd1 Rab8 35. Qa4 Qf3 36. Qa2 Ra8 37. Qc2 Rad8 38. Nc3 e6 39. Rd2 d5 40. cxd5
exd5 41. Rd3 Qf5 42. Qd1 d4 43. exd4 cxd4 44. Rxd4 Bf6 45. Rd5 Qe6 46. Rxd8 Rxd8
47. Qf3 Bg7 48. Ne4 Re8 49. Nd2 Qd6 50. Nc4 Qd4 51. Rd1 Qc5 52. Kg2 Rf8 53. Rd5
Qb4 54. Nd6 Qb6 55. Ne4 Rb8 56. Nc5 Re8 57. Rd7 Qf6 58. Qd5 Rb8 59. b4 h5 60.
Ne4 Qf5 61. Qxf5 gxf5 62. Nd6 Rxb4 63. Nxf5 Bf6 64. Rd6 Bg5 65. Rd5 Rb6 66. Nd4
Rg6 67. Nf3 f6 68. Rd7 Rg7 69. Rd5 Kf7 70. Nd4 Kg6 71. Nf5 Rb7 72. Nd6 Rd7 73.
f4 Bh6 74. Kf3 Bf8 75. f5+ Kh7 76. Ne4 Rf7 77. Rb5 Kg7 78. Rb6 Be7 79. Re6 Bd8
80. Kg2 Bc7 81. Kh3 Be5 82. Kh4 Kh6 83. Rc6 Rf8 84. Kh3 Kg7 85. Kh4 Kh6 86. Re6
Rf7 87. Kh3 Kg7 88. Nd2 Rd7 89. Nf3 Bc3 90. Re3 Bb4 91. Kh4 Kh6 92. Re6 Rd6 93.
Re4 Bc3 94. Nh2 Be5 95. Nf3 Bc3 96. Kh3 Kg7 97. Rc4 Be5 98. Kh4 Kh6 99. Kh3 Rd3
100. Nxe5 fxe5 101. Re4 Rd5 102. Re3 Kg5 103. Rf3 e4 104. Rf4 e3 105. Re4 Kxf5
106. Rxe3 Kg5 107. Re8 Rd1 108. Re5+ Kg6 109. Ra5 Rh1+ 110. Kg2 Rd1 1/2-1/2